Science Quiz

Random Science or Letter Quiz

Get Smashed! Quiz Stats

 Plays Quiz not verified by Sporcle

Challenge
Share
Tweet
Embed
Score 0/13 Timer 03:00
0 Plays Today
Starting Letter Cause % Correct
Eethanol
89.8%
Ttrauma
77.6%
Ggallstones
71.4%
Sscorpion
69.4%
Ddrugs
67.3%
Ssteroids
57.1%
Mmumps
55.1%
EERCP
51%
Aautoimmune
46.9%
Hhyperlipidaemia
36.7%
Hhypercalcaemia
36.7%
Hhypothermia
24.5%
Eemboli
14.3%

You're not logged in!

Compare scores with friends on all Sporcle quizzes.
OR
Log In

You Might Also Like...

Show Comments

Extras

Created Jun 8, 2010ReportNominate
Tags:Letter Quiz, cause, smashed, starting

Top Quizzes Today


Score Distribution

Your Account Isn't Verified!

In order to create a playlist on Sporcle, you need to verify the email address you used during registration. Go to your Sporcle Settings to finish the process.

Report this User

Report this user for behavior that violates our Community Guidelines.

Details: